[Event "Nuoro Olbia Oristano Province-ch"]
[Site "Siniscola"]
[Date "2015.02.15"]
[Round "6"]
[White "Marano, Daniele"]
[Black "Buchicchio, Alessandro"]
[Result "1-0"]
[WhiteElo "1672"]
[BlackElo "1901"]
[PlyCount "69"]
[EventDate "2015.02.07"]
[EventType "swiss"]
[EventRounds "7"]
[EventCountry "ITA"]
[SourceTitle "EXT 2017"]
[Source "ChessBase"]
[SourceDate "2016.10.25"]
[SourceVersion "1"]
[SourceVersionDate "2016.10.25"]
[SourceQuality "1"]

1. e4 c5 2. Nf3 Nc6 3. Bb5 e6 4. 0-0 Nge7 5. d4 cxd4 6. Nxd4 Qb6 7. Nxc6 bxc6 8. Bd3 d5 9. Nd2 Ng6 10. Nb3 Be7 11. exd5 cxd5 12. Be3 Qd8 13. Nd4 Bd7 14. f4 Bf6 15. Qh5 0-0 16. Rf3 Be8 17. Rh3 h6 18. Nxe6 fxe6 19. Bxg6 Bxb2 20. Rf1 Bxg6 21. Qxg6 Rf6 22. Qg4 d4 23. Rg3 Qf8 24. Bd2 Rc8 25. Bb4 Qf7 26. Rb3 Rxc2 27. Qf3 Bc1 28. Qa8+ Kh7 29. Qe4+ Qg6 30. f5 Be3+ 31. Kh1 Qxf5 32. Rxf5 Rc1+ 33. Rf1+ Kg8 34. Rxc1 Bxc1 35. Rf3 1-0

[Event "Nuoro Olbia Oristano Province-ch"]
[Site "Siniscola"]
[Date "2015.02.14"]
[Round "4"]
[White "Sonis, Francesco"]
[Black "Buchicchio, Alessandro"]
[Result "1-0"]
[WhiteElo "2173"]
[BlackElo "1901"]
[PlyCount "59"]
[EventDate "2015.02.07"]
[EventType "swiss"]
[EventRounds "7"]
[EventCountry "ITA"]
[SourceTitle "EXT 2017"]
[Source "ChessBase"]
[SourceDate "2016.10.25"]
[SourceVersion "1"]
[SourceVersionDate "2016.10.25"]
[SourceQuality "1"]

1. e4 c5 2. Nf3 e6 3. c3 d5 4. exd5 Qxd5 5. d4 Nf6 6. Be3 b6 7. Bd3 Be7 8. 0-0 0-0 9. Nbd2 Bb7 10. h3 Rd8 11. Qe2 Nbd7 12. Rfd1 Rac8 13. Nf1 Qc6 14. Bf4 Nd5 15. Bg3 c4 16. Be4 Nxc3 17. Bxh7+ Kxh7 18. bxc3 Qe4 19. Ne3 Kg8 20. Qb2 Qc6 21. a4 Bd6 22. Bh4 Re8 23. Qb5 Qxb5 24. axb5 Bb8 25. Bg3 Bxf3 26. gxf3 e5 27. Kg2 exd4 28. Rxd4 Be5 29. Rxd7 Bxc3 30. Rc1 1-0

[Event "Nuoro Olbia Oristano Province-ch"]
[Site "Siniscola"]
[Date "2015.02.08"]
[Round "2"]
[White "Sonis, Luca"]
[Black "Buchicchio, Alessandro"]
[Result "0-1"]
[WhiteElo "1687"]
[BlackElo "1901"]
[PlyCount "78"]
[EventDate "2015.02.07"]
[EventType "swiss"]
[EventRounds "7"]
[EventCountry "ITA"]
[SourceTitle "EXT 2017"]
[Source "ChessBase"]
[SourceDate "2016.10.25"]
[SourceVersion "1"]
[SourceVersionDate "2016.10.25"]
[SourceQuality "1"]

1. e4 c5 2. Nc3 Nc6 3. Nf3 d6 4. Bc4 e6 5. 0-0 Be7 6. d4 cxd4 7. Nxd4 Bd7 8. Be3 Nf6 9. f4 0-0 10. Ndb5 Be8 11. Bd4 a6 12. Bxf6 Bxf6 13. Na3 Qb6+ 14. Kh1 Qxb2 15. e5 Qxa3 16. exf6 Qxc3 17. fxg7 Qxg7 18. Rf3 Qd4 19. Bd3 f5 20. Rb1 b5 21. c3 Qf6 22. Qe2 Kh8 23. Re3 Bd7 24. a3 e5 25. Rf1 e4 26. Bc2 Be6 27. Rd1 Bc4 28. Qf2 d5 29. Rh3 Rad8 30. Qb6 Rf7 31. a4 Rb8 32. Qc5 b4 33. cxb4 Rxb4 34. Re1 d4 35. g4 fxg4 36. Rg3 Qe6 37. Rxe4 Qd5 38. Qxd5 Bxd5 39. Rxg4 d3 0-1

[Event "Ozieri op 13th"]
[Site "Ozieri"]
[Date "2014.08.02"]
[Round "5"]
[White "Buchicchio, Alessandro"]
[Black "Locci, Damiano"]
[Result "0-1"]
[WhiteElo "1914"]
[BlackElo "2113"]
[PlyCount "78"]
[EventDate "2014.07.31"]
[EventType "swiss"]
[EventRounds "7"]
[EventCountry "ITA"]
[SourceTitle "EXT 2016"]
[Source "ChessBase"]
[SourceDate "2015.10.08"]
[SourceVersion "1"]
[SourceVersionDate "2015.10.08"]
[SourceQuality "1"]

1. e4 Nc6 2. Nf3 Nf6 3. Nc3 d5 4. exd5 Nxd5 5. Bb5 Nxc3 6. bxc3 Qd5 7. Qe2 Bg4 8. c4 Qd6 9. Qe4 Bxf3 10. Qxf3 0-0-0 11. 0-0 Ne5 12. Qe4 c6 13. Rb1 cxb5 14. Rxb5 Nc6 15. Bb2 Rd7 16. d4 a6 17. Rb6 Qc7 18. c5 e6 19. Rb1 Be7 20. Bc3 Rhd8 21. Rxb7 Qxb7 22. Rxb7 Kxb7 23. f4 Bf6 24. Qxh7 g6 25. Qh3 Bxd4+ 26. Bxd4 Rxd4 27. Qb3+ Rb4 28. Qf3 Rd2 29. h3 Rd5 30. a3 Rb1+ 31. Kh2 Rxc5 32. Qf2 Rd5 33. c4 Rd3 34. Qc5 Rd7 35. a4 a5 36. h4 Rb2 37. Kh3 Rd3+ 38. g3 f5 39. Qf8 Rdd2 0-1

[Event "Ozieri op 13th"]
[Site "Ozieri"]
[Date "2014.08.02"]
[Round "4"]
[White "Buchicchio, Alessandro"]
[Black "Sanna, Raul"]
[Result "1-0"]
[WhiteElo "1914"]
[BlackElo "1407"]
[PlyCount "83"]
[EventDate "2014.07.31"]
[EventType "swiss"]
[EventRounds "7"]
[EventCountry "ITA"]
[SourceTitle "EXT 2016"]
[Source "ChessBase"]
[SourceDate "2015.10.08"]
[SourceVersion "1"]
[SourceVersionDate "2015.10.08"]
[SourceQuality "1"]

1. e4 d5 2. exd5 Qxd5 3. Nc3 Qa5 4. d4 c6 5. Bc4 Bf5 6. Nf3 Nf6 7. 0-0 e6 8. Re1 Be7 9. Ne5 0-0 10. Bd3 Bxd3 11. Qxd3 Re8 12. Bd2 Qc7 13. Rad1 Nbd7 14. Qh3 Bf8 15. Bf4 Bd6 16. Ne4 Nd5 17. Nxd6 Nxf4 18. Qa3 Rf8 19. c4 f6 20. Nf3 c5 21. g3 Nh3+ 22. Kg2 Nxf2 23. Nb5 Qb6 24. dxc5 Nxc5 25. Rd6 Qxd6 26. Nxd6 Nfd3 27. Rd1 Rad8 28. Rxd3 Nxd3 29. Qxd3 Rf7 30. c5 Re7 31. Nd4 e5 32. Qc4+ Kh8 33. N4f5 Red7 34. Nf7+ Rxf7 35. Qxf7 Rg8 36. h4 e4 37. h5 h6 38. Qg6 e3 39. Nxh6 Rf8 40. Nf5 Rg8 41. h6 a6 42. hxg7+ 1-0

[Event "Ozieri op 13th"]
[Site "Ozieri"]
[Date "2014.08.01"]
[Round "2"]
[White "Buchicchio, Alessandro"]
[Black "Carucci, Bruno"]
[Result "1-0"]
[WhiteElo "1914"]
[BlackElo "1463"]
[PlyCount "99"]
[EventDate "2014.07.31"]
[EventType "swiss"]
[EventRounds "7"]
[EventCountry "ITA"]
[SourceTitle "EXT 2016"]
[Source "ChessBase"]
[SourceDate "2015.10.08"]
[SourceVersion "1"]
[SourceVersionDate "2015.10.08"]
[SourceQuality "1"]

1. e4 e6 2. d4 d5 3. e5 Ne7 4. Nf3 b6 5. Bd3 Qd7 6. 0-0 Ba6 7. Bxa6 Nxa6 8. Qe2 Nb8 9. Rd1 Nf5 10. c4 c6 11. a3 Be7 12. Nbd2 c5 13. cxd5 exd5 14. Nb3 Nc6 15. Bf4 cxd4 16. Rac1 0-0 17. Nbxd4 Nfxd4 18. Nxd4 Nxd4 19. Rxd4 Qe6 20. Rcd1 Rfd8 21. Qf3 Rdc8 22. Rxd5 Rab8 23. h3 h6 24. Rd7 Rc2 25. Qd5 Qxd5 26. R1xd5 Bc5 27. e6 fxe6 28. Rxc5 bxc5 29. Bxb8 Rc1+ 30. Kh2 Rb1 31. Rxa7 Rxb2 32. Rxg7+ Kf8 33. Bd6+ Ke8 34. Bxc5 Rb5 35. Bb4 Rf5 36. Re7+ Kd8 37. Rxe6 Rxf2 38. Rxh6 Kd7 39. h4 Re2 40. h5 Re4 41. Kh3 Ke8 42. Rh7 Rf4 43. Rh8+ Kd7 44. h6 Rf5 45. h7 Rh5+ 46. Kg4 Rh1 47. Ra8 Rg1 48. h8Q Rxg2+ 49. Kf3 Rg6 50. Qc8# 1-0

[Event "Padova op-A 15th"]
[Site "Padova"]
[Date "2012.12.21"]
[Round "7"]
[White "Buchicchio, Alessandro"]
[Black "Bonan, Yves"]
[Result "1-0"]
[WhiteElo "1956"]
[BlackElo "1891"]
[PlyCount "75"]
[EventDate "2012.12.16"]
[EventType "swiss"]
[EventRounds "9"]
[EventCountry "ITA"]
[SourceTitle "EXT 2024"]
[Source "ChessBase"]
[SourceDate "2023.10.10"]
[SourceVersion "1"]
[SourceVersionDate "2023.10.10"]
[SourceQuality "1"]

1. d4 d5 2. c4 Bf5 3. cxd5 Bxb1 4. Rxb1 Qxd5 5. a3 Nc6 6. e3 e5 7. dxe5 Qxd1+ 8. Kxd1 0-0-0+ 9. Ke1 Nxe5 10. Nf3 Nxf3+ 11. gxf3 Bd6 12. Rg1 g6 13. f4 f5 14. Bd2 Nf6 15. Bc3 Rhf8 16. Bg2 Ne4 17. Bxe4 fxe4 18. Ke2 Rf5 19. Rg5 Rdf8 20. Rd1 Be7 21. Rxf5 Rxf5 22. Rd4 Bf6 23. Rxe4 Bxc3 24. bxc3 Rh5 25. Re7 Rxh2 26. e4 Rh3 27. f3 Kd8 28. Rg7 Rh2+ 29. Kd3 Ra2 30. Rxh7 Rxa3 31. Rg7 Ra6 32. Rg8+ Ke7 33. Rg7+ Kd8 34. f5 gxf5 35. exf5 Ra1 36. f6 Rb1 37. Rg8+ Kd7 38. f7 1-0

[Event "Padova op-A 15th"]
[Site "Padova"]
[Date "2012.12.20"]
[Round "6"]
[White "Bozzao, Francesco"]
[Black "Buchicchio, Alessandro"]
[Result "1/2-1/2"]
[WhiteElo "1857"]
[BlackElo "1956"]
[PlyCount "65"]
[EventDate "2012.12.16"]
[EventType "swiss"]
[EventRounds "9"]
[EventCountry "ITA"]
[SourceTitle "EXT 2024"]
[Source "ChessBase"]
[SourceDate "2023.10.10"]
[SourceVersion "1"]
[SourceVersionDate "2023.10.10"]
[SourceQuality "1"]

1. d4 Nf6 2. Nf3 d6 3. g3 g6 4. Bg2 Bg7 5. c4 0-0 6. Nc3 Nbd7 7. 0-0 e5 8. e4 exd4 9. Nxd4 Nc5 10. Re1 Re8 11. Nb3 Nxb3 12. Qxb3 Nd7 13. Bf4 Ne5 14. Nd5 c6 15. Bxe5 Bxe5 16. Ne3 a5 17. Rad1 Ra6 18. Qc2 Qb6 19. b3 Be6 20. Bf1 Ra7 21. a4 h5 22. Kg2 h4 23. f4 Bd4 24. Qd3 c5 25. Nd5 Bxd5 26. exd5 Raa8 27. Re2 Rxe2+ 28. Bxe2 Re8 29. Qc2 Re3 30. Rd3 hxg3 31. hxg3 Qb4 32. Rxe3 Bxe3 33. Qd3 1/2-1/2

[Event "Padova op-A 15th"]
[Site "Padova"]
[Date "2012.12.16"]
[Round "1"]
[White "Buchicchio, Alessandro"]
[Black "Valsecchi, Alessio"]
[Result "0-1"]
[WhiteElo "1956"]
[BlackElo "2422"]
[PlyCount "64"]
[EventDate "2012.12.16"]
[EventType "swiss"]
[EventRounds "9"]
[EventCountry "ITA"]
[SourceTitle "EXT 2024"]
[Source "ChessBase"]
[SourceDate "2023.10.10"]
[SourceVersion "1"]
[SourceVersionDate "2023.10.10"]
[SourceQuality "1"]

1. d4 Nf6 2. c4 c5 3. d5 e6 4. Nc3 exd5 5. cxd5 d6 6. g3 g6 7. Bg2 Bg7 8. Nf3 0-0 9. 0-0 a6 10. a4 Re8 11. Re1 Ne4 12. Nxe4 Rxe4 13. Nd2 Rb4 14. Ra2 b5 15. b3 bxa4 16. Rxa4 a5 17. Ba3 Rxa4 18. bxa4 Nd7 19. Qc2 Nb6 20. Nc4 Nxc4 21. Qxc4 Ba6 22. Qc2 Rb8 23. Bc1 c4 24. Qd1 Qe7 25. e4 c3 26. e5 Bxe5 27. Bf4 f6 28. Bxe5 fxe5 29. f4 Qa7+ 30. Kh1 Qf2 31. Rg1 c2 32. Qg4 Qxg1+ 0-1

[Event "ITA-ch U20 26th"]
[Site "Bratto"]
[Date "2003.08.29"]
[Round "9"]
[White "Stirpe, Claudio"]
[Black "Buchicchio, Alessandro"]
[Result "1/2-1/2"]
[WhiteElo "1668"]
[BlackElo "1785"]
[PlyCount "48"]
[EventDate "2003.08.21"]
[EventType "swiss"]
[EventRounds "9"]
[EventCountry "ITA"]
[SourceTitle "EXT 2007"]
[Source "ChessBase"]
[SourceDate "2006.11.23"]
[SourceVersion "1"]
[SourceVersionDate "2006.11.23"]
[SourceQuality "1"]

1. d4 Nf6 2. c4 g6 3. Nc3 Bg7 4. e4 d6 5. f3 0-0 6. Be3 e5 7. d5 Nh5 8. Qd2 f5 9. 0-0-0 Nd7 10. Bd3 Nc5 11. Qc2 fxe4 12. fxe4 Nf6 13. h3 b6 14. Nge2 Bd7 15. Kb1 a5 16. b3 Qb8 17. a4 Rd8 18. g4 c6 19. Ng3 cxd5 20. exd5 Rf8 21. Rhf1 Qc7 22. Bh6 Qd8 23. Bxg7 Kxg7 24. g5 Ng8 1/2-1/2

[Event "ITA-ch U20 26th"]
[Site "Bratto"]
[Date "2003.08.24"]
[Round "4"]
[White "Buchicchio, Alessandro"]
[Black "Parpinel, Marco"]
[Result "1-0"]
[WhiteElo "1785"]
[BlackElo "1606"]
[PlyCount "107"]
[EventDate "2003.08.21"]
[EventType "swiss"]
[EventRounds "9"]
[EventCountry "ITA"]
[SourceTitle "EXT 2007"]
[Source "ChessBase"]
[SourceDate "2006.11.23"]
[SourceVersion "1"]
[SourceVersionDate "2006.11.23"]
[SourceQuality "1"]

1. d4 g6 2. c4 Bg7 3. Nf3 d6 4. Nc3 Bg4 5. Bf4 Bxf3 6. gxf3 Nd7 7. Qd2 e5 8. Be3 Ne7 9. Bh3 f5 10. Bh6 Bf6 11. 0-0-0 Nc6 12. dxe5 Ncxe5 13. b3 Nf7 14. Be3 Ng5 15. Bg2 Ne6 16. f4 0-0 17. Bd5 Re8 18. Bxb7 Rb8 19. Bd5 c5 20. Nb5 Rxb5 21. cxb5 Kf7 22. Bc6 Nd4 23. Bxd4 cxd4 24. e3 a6 25. Kb1 axb5 26. Bxb5 Qc7 27. Rc1 Qb7 28. Bc6 Qa7 29. exd4 Rb8 30. Bxd7 Qxd7 31. Rc4 Qb7 32. Rhc1 Ke8 33. Rc7 Qe4+ 34. R7c2 Kd7 35. Qc3 Rb7 36. Qc8+ Ke7 37. Qxb7+ Qxb7 38. Rc7+ Qxc7 39. Rxc7+ Ke6 40. a4 Bxd4 41. a5 Bxf2 42. a6 Bb6 43. a7 Bxa7 44. Rxa7 h6 45. b4 d5 46. Rc7 Kd6 47. Rc1 d4 48. Kc2 Kc6 49. Kd3+ Kb5 50. Rb1 g5 51. fxg5 hxg5 52. Kxd4 f4 53. Ke4 Kb6 54. b5 1-0

[Event "ITA-ch U20 26th"]
[Site "Bratto"]
[Date "2003.08.21"]
[Round "1"]
[White "Oblak, Mitja"]
[Black "Buchicchio, Alessandro"]
[Result "1/2-1/2"]
[WhiteElo "1500"]
[BlackElo "1785"]
[PlyCount "101"]
[EventDate "2003.08.21"]
[EventType "swiss"]
[EventRounds "9"]
[EventCountry "ITA"]
[SourceTitle "EXT 2007"]
[Source "ChessBase"]
[SourceDate "2006.11.23"]
[SourceVersion "1"]
[SourceVersionDate "2006.11.23"]
[SourceQuality "1"]

1. d4 Nf6 2. Nf3 d6 3. Bg5 Nbd7 4. Nbd2 g6 5. g3 Bg7 6. Bg2 0-0 7. 0-0 c5 8. c3 Re8 9. e3 Rb8 10. a3 h6 11. Bxf6 Nxf6 12. b4 cxd4 13. cxd4 b6 14. Qb3 Be6 15. Qb2 Qd7 16. Rfc1 Rec8 17. Rxc8+ Rxc8 18. Rc1 Bh3 19. Rc3 Bxg2 20. Kxg2 Nd5 21. Rxc8+ Qxc8 22. Qb3 Nf6 23. Qc4 Qb7 24. Kg1 Nd5 25. Ne1 e5 26. e4 Ne7 27. d5 f5 28. f3 b5 29. Qc3 Bf6 30. h4 f4 31. gxf4 Qb6+ 32. Kh1 Bxh4 33. Ng2 Bg3 34. fxe5 Bxe5 35. Qe3 Qc7 36. Nf1 Qc4 37. Qf2 Qd3 38. Nge3 Qxa3 39. Qh4 Kf7 40. Qxh6 Qxb4 41. Ng4 Bg7 42. Qf4+ Ke8 43. Nf6+ Bxf6 44. Qxf6 Qb1 45. Kg1 Qc2 46. Qxd6 Qc8 47. Qe5 Qc5+ 48. Kg2 b4 49. Qe6 Qc8 50. Qe5 Kd7 51. Qe6+ 1/2-1/2